Sports Quiz

Random Sports or NFL Quiz
Score 0/15 Timer 02:00
0 Plays Today
% Correct
Dan Marino
96.6%
Troy Aikman
96.3%
Joe Namath
95.8%
Kurt Warner
88.4%
Tim Tebow
88.1%
Matt Barkley
85%
Cam Newton
83.9%
Bob Griese
80.8%
% Correct
Matt Ryan
79.9%
Todd Marinovich
78.6%
Doug Flutie
75.7%
John David Booty
74.9%
Nick Foles
66.5%
Rich Gannon
63.9%
ButtFumble
53.5%
Remove Ads.
Support Sporcle.
Get the best of Sporcle when you Go Orange. This ad-free experience offers more features, more stats, and more fun while also helping to support Sporcle. Thank you for becoming a member.

You're not logged in!

Compare scores with friends on all Sporcle quizzes.
OR
Log In

Sporcle TV

Today on Sporcle TV


Watch our educational content, quiz creation guides, and fun videos on Sporcle TV.

Show Comments

Extras

Top Quizzes Today


Score Distribution

Paid Content

Your Account Isn't Verified!

In order to create a playlist on Sporcle, you need to verify the email address you used during registration. Go to your Sporcle Settings to finish the process.

Report this User

Report this user for behavior that violates our Community Guidelines.

Details: